[Event "marquesdepombal"]
[Site "?"]
[Date "2024.10.04"]
[Round "2.1"]
[White "Faryma, Maksym"]
[Black "Veiga, Jose Francisco"]
[Result "0-1"]
[LiveChessVersion "1.4.8"]
[BlackElo "2412"]
[WhiteElo "1954"]

1. e4 {[%clk 1:30:59]} c5 {[%clk 1:17:13]} 2. Nc3 {[%clk 1:31:20]} b6
{[%clk 1:17:17]} 3. Nge2 {[%clk 1:31:26]} Bb7 {[%clk 1:17:29]} 4. g3
{[%clk 1:31:44]} Nc6 {[%clk 1:14:12]} 5. Bg2 {[%clk 1:31:53]} e6 {[%clk 1:14:34]}
6. O-O {[%clk 1:31:36]} Nge7 {[%clk 1:13:31]} 7. d3 {[%clk 1:30:49]} Nd4
{[%clk 1:11:40]} 8. Be3 {[%clk 1:28:22]} Nxe2+ {[%clk 1:10:51]} 9. Qxe2
{[%clk 1:28:26]} d5 {[%clk 1:11:14]} 10. Bf4 {[%clk 1:16:47]} Qd7
{[%clk 1:05:36]} 11. exd5 {[%clk 1:16:24]} Nxd5 {[%clk 1:05:57]} 12. Nxd5
{[%clk 1:16:50]} Bxd5 {[%clk 1:06:18]} 13. Bxd5 {[%clk 1:17:13]} Qxd5
{[%clk 1:06:41]} 14. Be5 {[%clk 1:17:40]} f6 {[%clk 1:01:58]} 15. Bc3
{[%clk 1:17:08]} Bd6 {[%clk 1:00:34]} 16. Rfe1 {[%clk 1:13:05]} Kf7
{[%clk 1:00:45]} 17. Rad1 {[%clk 1:08:30]} h5 {[%clk 0:55:04]} 18. Qe4
{[%clk 1:03:47]} h4 {[%clk 0:51:37]} 19. Qxd5 {[%clk 1:01:29]} exd5
{[%clk 0:51:43]} 20. Kg2 {[%clk 1:01:47]} Rh5 {[%clk 0:51:01]} 21. f4
{[%clk 0:55:55]} hxg3 {[%clk 0:49:01]} 22. hxg3 {[%clk 0:56:02]} g5
{[%clk 0:49:18]} 23. Rh1 {[%clk 0:54:19]} Rxh1 {[%clk 0:48:00]} 24. Rxh1
{[%clk 0:54:19]} gxf4 {[%clk 0:48:24]} 25. gxf4 {[%clk 0:53:33]} Bxf4
{[%clk 0:48:35]} 26. Rh7+ {[%clk 0:50:59]} Kg6 {[%clk 0:48:03]} 27. Re7
{[%clk 0:51:22]} Kf5 {[%clk 0:46:24]} 28. Kf3 {[%clk 0:49:37]} Rh8
{[%clk 0:39:34]} 29. Re2 {[%clk 0:47:01]} Rh3+ {[%clk 0:38:04]} 30. Kg2
{[%clk 0:46:54]} Rh2+ {[%clk 0:37:41]} 31. Kf3 {[%clk 0:47:15]} Rxe2
{[%clk 0:37:47]} 32. Kxe2 {[%clk 0:47:41]} Be5 {[%clk 0:38:10]} 33. Bd2
{[%clk 0:47:06]} Bxb2 {[%clk 0:38:02]} 34. Kf3 {[%clk 0:47:27]} b5
{[%clk 0:37:03]} 35. Be3 {[%clk 0:46:28]} d4 {[%clk 0:36:22]} 36. Bf4
{[%clk 0:46:54]} c4 {[%clk 0:36:09]} 37. Bd6 {[%clk 0:46:56]} cxd3
{[%clk 0:36:34]} 38. cxd3 {[%clk 0:47:22]} a5 {[%clk 0:36:46]} 39. a3
{[%clk 0:47:13]} Bc3 {[%clk 0:36:50]} 40. Ke2 {[%clk 0:47:28]} b4
{[%clk 0:37:14]} 41. axb4 {[%clk 0:47:54]} axb4 {[%clk 0:37:26]} 42. Kd1
{[%clk 0:48:15]} b3 {[%clk 0:37:51]} 43. Kc1 {[%clk 0:48:39]} Kg4
{[%clk 0:38:12]} 44. Kb1 {[%clk 0:49:02]} f5 {[%clk 0:38:36]} 45. Kc1
{[%clk 0:49:13]} f4 {[%clk 0:39:01]} 46. Bxf4 {[%clk 0:49:32]} Kxf4
{[%clk 0:39:24]} 0-1

[Event "marquesdepombal"]
[Site "?"]
[Date "2024.10.04"]
[Round "2.2"]
[White "Goncalves, Samuel Jesus Pereira"]
[Black "Bittner, Titus Teodor"]
[Result "1-0"]
[LiveChessVersion "1.4.8"]
[BlackElo "1905"]
[WhiteElo "2240"]

1. e4 {[%clk 1:26:26]} c5 {[%clk 1:30:21]} 2. Nc3 {[%clk 1:26:40]} Nc6
{[%clk 1:30:46]} 3. Bb5 {[%clk 1:27:04]} Nd4 {[%clk 1:30:52]} 4. Nf3
{[%clk 1:27:27]} e6 {[%clk 1:30:48]} 5. O-O {[%clk 1:26:25]} a6 {[%clk 1:31:10]}
6. Bd3 {[%clk 1:26:11]} Nxf3+ {[%clk 1:31:15]} 7. Qxf3 {[%clk 1:26:35]} Qc7
{[%clk 1:31:42]} 8. b3 {[%clk 1:22:29]} Bd6 {[%clk 1:31:33]} 9. Qh3
{[%clk 1:21:24]} Be5 {[%clk 1:26:11]} 10. Bb2 {[%clk 1:18:34]} b5
{[%clk 1:19:58]} 11. a4 {[%clk 1:13:35]} b4 {[%clk 1:12:29]} 12. Nd1
{[%clk 1:13:54]} Bxb2 {[%clk 1:02:33]} 13. Nxb2 {[%clk 1:14:15]} Ne7
{[%clk 1:02:58]} 14. Rae1 {[%clk 1:10:55]} d5 {[%clk 0:58:24]} 15. exd5
{[%clk 1:08:26]} exd5 {[%clk 0:58:14]} 16. Qh5 {[%clk 1:08:01]} Qd6
{[%clk 0:50:21]} 17. a5 {[%clk 1:01:49]} Bd7 {[%clk 0:43:01]} 18. Qg5
{[%clk 1:00:36]} Kf8 {[%clk 0:27:43]} 19. Re3 {[%clk 0:57:14]} Qf6
{[%clk 0:26:03]} 20. Qxf6 {[%clk 0:56:09]} gxf6 {[%clk 0:26:31]} 21. Rfe1
{[%clk 0:55:30]} Ng6 {[%clk 0:23:24]} 22. Bf1 {[%clk 0:54:11]} Ne5
{[%clk 0:17:34]} 23. f4 {[%clk 0:53:42]} Ng6 {[%clk 0:17:22]} 24. g3
{[%clk 0:53:58]} Kg7 {[%clk 0:16:21]} 25. Bg2 {[%clk 0:53:42]} d4
{[%clk 0:14:50]} 26. R3e2 {[%clk 0:53:15]} Bb5 {[%clk 0:13:57]} 27. d3
{[%clk 0:47:34]} Rae8 {[%clk 0:12:47]} 28. Rxe8 {[%clk 0:45:09]} Rxe8
{[%clk 0:12:10]} 29. Rxe8 {[%clk 0:45:32]} Bxe8 {[%clk 0:12:38]} 30. Nc4
{[%clk 0:45:45]} Bb5 {[%clk 0:09:59]} 31. Nd6 {[%clk 0:45:56]} Ne7
{[%clk 0:07:25]} 32. Nxb5 {[%clk 0:45:44]} axb5 {[%clk 0:07:54]} 33. Bb7
{[%clk 0:46:06]} 1-0

[Event "marquesdepombal"]
[Site "?"]
[Date "2024.10.04"]
[Round "2.3"]
[White "Zhang, Xin An"]
[Black "Monteiro, Paulo Alexandre Gomes"]
[Result "1-0"]
[LiveChessVersion "1.4.8"]
[BlackElo "2202"]
[WhiteElo "1903"]

1. d4 {[%clk 1:28:27]} d5 {[%clk 1:30:39]} 2. Nf3 {[%clk 1:28:53]} Nf6
{[%clk 1:31:04]} 3. c3 {[%clk 1:29:16]} e6 {[%clk 1:31:14]} 4. Bf4
{[%clk 1:29:42]} Bd6 {[%clk 1:31:19]} 5. e3 {[%clk 1:30:04]} O-O {[%clk 1:31:17]}
6. Nbd2 {[%clk 1:29:32]} Bxf4 {[%clk 1:29:45]} 7. exf4 {[%clk 1:29:44]} Qd6
{[%clk 1:30:01]} 8. Ne5 {[%clk 1:21:01]} b6 {[%clk 1:29:23]} 9. Bd3
{[%clk 1:16:51]} Ba6 {[%clk 1:27:22]} 10. Qe2 {[%clk 1:07:28]} Bxd3
{[%clk 1:27:31]} 11. Qxd3 {[%clk 1:07:56]} c5 {[%clk 1:24:19]} 12. b3
{[%clk 1:07:19]} Nc6 {[%clk 1:17:20]} 13. Nxc6 {[%clk 1:06:28]} Qxc6
{[%clk 1:17:43]} 14. O-O {[%clk 0:58:44]} c4 {[%clk 1:10:18]} 15. Qh3
{[%clk 0:55:53]} b5 {[%clk 1:09:03]} 16. b4 {[%clk 0:55:26]} a5 {[%clk 1:09:00]}
17. a3 {[%clk 0:55:27]} Ra6 {[%clk 1:06:41]} 18. Rab1 {[%clk 0:41:54]} axb4
{[%clk 1:04:21]} 19. axb4 {[%clk 0:42:11]} Ra2 {[%clk 0:59:31]} 20. Qe3
{[%clk 0:42:17]} Rfa8 {[%clk 0:59:24]} 21. Rfc1 {[%clk 0:42:14]} h6
{[%clk 0:58:22]} 22. h3 {[%clk 0:41:23]} R8a3 {[%clk 0:57:34]} 23. g4
{[%clk 0:39:06]} Ne4 {[%clk 0:52:47]} 24. Nxe4 {[%clk 0:35:29]} dxe4
{[%clk 0:53:09]} 25. g5 {[%clk 0:16:07]} h5 {[%clk 0:44:10]} 26. Qe1
{[%clk 0:11:29]} Qa8 {[%clk 0:37:58]} 27. Kh2 {[%clk 0:08:39]} Qd5
{[%clk 0:19:36]} 28. Qe3 {[%clk 0:06:43]} Qf5 {[%clk 0:19:08]} 29. Kg3
{[%clk 0:05:47]} Kh7 {[%clk 0:16:38]} 30. Kh4 {[%clk 0:04:56]} Re2
{[%clk 0:13:29]} 31. Qg3 {[%clk 0:03:49]} Raa2 {[%clk 0:12:41]} 32. Rf1
{[%clk 0:03:42]} Rad2 {[%clk 0:12:07]} 33. Rbd1 {[%clk 0:02:03]} Rd3
{[%clk 0:10:02]} 34. Rxd3 {[%clk 0:00:57]} exd3 {[%clk 0:10:17]} 35. Qf3
{[%clk 0:00:48]} g6 {[%clk 0:10:08]} 36. Ra1 {[%clk 0:00:52]} Re4
{[%clk 0:10:02]} 37. Kg3 {[%clk 0:01:07]} h4+ {[%clk 0:09:57]} 1-0

[Event "marquesdepombal"]
[Site "?"]
[Date "2024.10.04"]
[Round "2.4"]
[White "Ryabukhin, Roman"]
[Black "Paiva, Manuel Maria Fonseca"]
[Result "1-0"]
[LiveChessVersion "1.4.8"]
[BlackElo "1899"]
[WhiteElo "2195"]

1. e4 {[%clk 1:29:26]} c5 {[%clk 1:30:11]} 2. Nf3 {[%clk 1:29:51]} d6
{[%clk 1:30:36]} 3. d4 {[%clk 1:30:17]} cxd4 {[%clk 1:31:01]} 4. Nxd4
{[%clk 1:30:44]} Nf6 {[%clk 1:31:26]} 5. Nc3 {[%clk 1:31:10]} a6 {[%clk 1:31:53]}
6. h3 {[%clk 1:31:36]} e5 {[%clk 1:31:48]} 7. Nf3 {[%clk 1:31:57]} Be7
{[%clk 1:26:30]} 8. g4 {[%clk 1:31:50]} O-O {[%clk 1:25:03]} 9. Rg1
{[%clk 1:26:41]} d5 {[%clk 1:04:58]} 10. Nxd5 {[%clk 1:18:34]} Nxe4
{[%clk 1:04:23]} 11. Be3 {[%clk 1:18:19]} Bc5 {[%clk 0:56:48]} 12. Qd3
{[%clk 1:05:00]} Bxe3 {[%clk 0:39:17]} 13. Nxe3 {[%clk 0:57:31]} Qa5+
{[%clk 0:33:51]} 14. c3 {[%clk 0:57:42]} Nc5 {[%clk 0:28:52]} 15. Qc2
{[%clk 0:54:27]} e4 {[%clk 0:20:28]} 16. Nd4 {[%clk 0:51:38]} Qc7
{[%clk 0:17:33]} 17. O-O-O {[%clk 0:49:47]} Nc6 {[%clk 0:16:22]} 18. b4
{[%clk 0:39:46]} Nd3+ {[%clk 0:14:37]} 19. Bxd3 {[%clk 0:37:58]} exd3
{[%clk 0:14:56]} 20. Rxd3 {[%clk 0:34:53]} Nxd4 {[%clk 0:15:02]} 21. Rxd4
{[%clk 0:34:42]} Be6 {[%clk 0:14:43]} 22. a4 {[%clk 0:26:12]} Rfc8
{[%clk 0:13:48]} 23. Kb2 {[%clk 0:26:35]} Qh2 {[%clk 0:12:13]} 24. Rg3
{[%clk 0:26:21]} f6 {[%clk 0:08:32]} 25. Qe2 {[%clk 0:18:31]} Qh1
{[%clk 0:07:26]} 26. Ng2 {[%clk 0:18:19]} Re8 {[%clk 0:05:17]} 27. Rd1
{[%clk 0:17:54]} Qh2 {[%clk 0:05:31]} 28. Ne3 {[%clk 0:18:08]} Rac8
{[%clk 0:03:26]} 29. Rdg1 {[%clk 0:15:13]} Bd5 {[%clk 0:00:55]} 30. Qd2
{[%clk 0:14:09]} Bf3 {[%clk 0:00:45]} 31. Qe1 {[%clk 0:10:33]} Bc6
{[%clk 0:00:48]} 32. b5 {[%clk 0:09:19]} axb5 {[%clk 0:00:53]} 33. axb5
{[%clk 0:09:47]} Rxe3 {[%clk 0:01:01]} 34. Qxe3 {[%clk 0:10:07]} Re8
{[%clk 0:01:22]} 35. Qd2 {[%clk 0:09:07]} Bf3 {[%clk 0:01:02]} 36. Re1
{[%clk 0:09:25]} Be4 {[%clk 0:00:33]} 37. Kb3 {[%clk 0:07:15]} h6
{[%clk 0:00:33]} 38. Rxe4 {[%clk 0:07:27]} Rxe4 {[%clk 0:00:52]} 39. Qd5+ 1-0

[Event "marquesdepombal"]
[Site "?"]
[Date "2024.10.04"]
[Round "2.5"]
[White "Cardoso, Miguel Sanchez"]
[Black "Simoes, Miguel Patricio Caldeira"]
[Result "0-1"]
[LiveChessVersion "1.4.8"]
[BlackElo "2177"]
[WhiteElo "1855"]

1. b3 {[%clk 1:30:09]} e5 {[%clk 1:25:51]} 2. Bb2 {[%clk 1:30:28]} Nc6
{[%clk 1:26:15]} 3. e3 {[%clk 1:30:21]} d5 {[%clk 1:26:21]} 4. Nf3
{[%clk 1:30:11]} Bd6 {[%clk 1:18:32]} 5. Bb5 {[%clk 1:30:08]} f6 {[%clk 1:11:29]}
6. Nc3 {[%clk 1:27:36]} Nge7 {[%clk 1:10:52]} 7. a3 {[%clk 1:20:13]} O-O
{[%clk 1:08:45]} 8. O-O {[%clk 1:20:11]} Be6 {[%clk 1:04:50]} 9. Be2
{[%clk 1:16:22]} a6 {[%clk 1:03:53]} 10. d3 {[%clk 1:14:53]} Qe8 {[%clk 1:00:48]}
11. e4 {[%clk 1:12:34]} d4 {[%clk 0:59:05]} 12. Nb1 {[%clk 1:12:25]} Qg6
{[%clk 0:56:51]} 13. Nh4 {[%clk 1:08:53]} Qh6 {[%clk 0:56:07]} 14. g3
{[%clk 1:08:58]} f5 {[%clk 0:55:10]} 15. Bc1 {[%clk 1:06:58]} Qf6
{[%clk 0:55:12]} 16. f4 {[%clk 1:02:34]} exf4 {[%clk 0:55:02]} 17. exf5
{[%clk 1:01:24]} fxg3 {[%clk 0:55:02]} 0-1

[Event "marquesdepombal"]
[Site "?"]
[Date "2024.10.04"]
[Round "2.6"]
[White "Faryma, Matviy"]
[Black "Frutuoso, Tiago Oliveira Martins"]
[Result "1-0"]
[LiveChessVersion "1.4.8"]
[BlackElo "1846"]
[WhiteElo "2115"]

1. Nf3 {[%clk 1:30:45]} d5 {[%clk 1:30:41]} 2. b3 {[%clk 1:31:08]} c5
{[%clk 1:30:48]} 3. Bb2 {[%clk 1:31:32]} Nc6 {[%clk 1:30:42]} 4. g3
{[%clk 1:31:14]} f6 {[%clk 1:30:30]} 5. Bg2 {[%clk 1:26:55]} e5 {[%clk 1:30:03]}
6. d3 {[%clk 1:27:15]} Be6 {[%clk 1:29:52]} 7. Nbd2 {[%clk 1:27:11]} Bd6
{[%clk 1:28:54]} 8. e4 {[%clk 1:26:55]} d4 {[%clk 1:28:01]} 9. O-O
{[%clk 1:24:20]} Nge7 {[%clk 1:26:38]} 10. Nc4 {[%clk 1:19:55]} b5
{[%clk 1:24:58]} 11. Nxd6+ {[%clk 1:20:14]} Qxd6 {[%clk 1:24:56]} 12. a4
{[%clk 1:20:36]} b4 {[%clk 1:23:50]} 13. Nh4 {[%clk 1:16:35]} g5 {[%clk 1:22:29]}
14. Nf5 {[%clk 1:16:16]} Nxf5 {[%clk 1:21:31]} 15. exf5 {[%clk 1:15:30]} Bd5
{[%clk 1:19:25]} 16. Qh5+ {[%clk 1:15:45]} Bf7 {[%clk 1:17:52]} 17. Qh6
{[%clk 1:14:15]} O-O-O {[%clk 1:13:33]} 18. h4 {[%clk 1:03:04]} Rdg8
{[%clk 1:09:56]} 19. hxg5 {[%clk 0:51:13]} Rxg5 {[%clk 1:09:03]} 20. Bc1
{[%clk 0:51:28]} Rgg8 {[%clk 1:09:20]} 21. Bd2 {[%clk 0:49:42]} Ne7
{[%clk 1:04:51]} 22. Bh3 {[%clk 0:49:00]} Bd5 {[%clk 1:02:00]} 23. Rae1
{[%clk 0:46:06]} Bf3 {[%clk 1:01:25]} 24. Kh2 {[%clk 0:39:57]} Nd5
{[%clk 0:52:29]} 25. Bg2 {[%clk 0:34:48]} Bxg2 {[%clk 0:52:35]} 26. Kxg2
{[%clk 0:35:13]} Ne7 {[%clk 0:52:23]} 27. Rh1 {[%clk 0:32:43]} Nxf5
{[%clk 0:48:37]} 28. Qh3 {[%clk 0:33:05]} Qd5+ {[%clk 0:46:36]} 29. Re4
{[%clk 0:33:26]} Qd7 {[%clk 0:45:39]} 30. Kf1 {[%clk 0:33:45]} h5
{[%clk 0:44:53]} 31. Ke1 {[%clk 0:34:01]} Rh7 {[%clk 0:42:18]} 32. Kd1
{[%clk 0:33:24]} Rgh8 {[%clk 0:35:12]} 33. Kc1 {[%clk 0:32:36]} Nd6
{[%clk 0:35:01]} 34. Rh4 {[%clk 0:32:52]} Qxh3 {[%clk 0:34:52]} 35. R4xh3
{[%clk 0:33:20]} f5 {[%clk 0:32:41]} 36. Re1 {[%clk 0:33:13]} Re8
{[%clk 0:32:20]} 37. Reh1 {[%clk 0:33:21]} Reh8 {[%clk 0:31:56]} 38. Bg5
{[%clk 0:30:29]} e4 {[%clk 0:29:16]} 39. Bf6 {[%clk 0:28:10]} Rf8
{[%clk 0:27:50]} 40. Bg5 {[%clk 0:27:42]} Rfh8 {[%clk 0:25:39]} 41. Bf6
{[%clk 0:26:04]} Rf8 {[%clk 0:25:57]} 42. Be5 {[%clk 0:19:07]} Nf7
{[%clk 0:26:15]} 43. Bf4 {[%clk 0:19:31]} Rfh8 {[%clk 0:25:45]} 44. dxe4
{[%clk 0:19:34]} fxe4 {[%clk 0:26:01]} 45. g4 {[%clk 0:19:59]} h4
{[%clk 0:25:43]} 46. g5 {[%clk 0:19:43]} Rg7 {[%clk 0:24:07]} 47. Rxh4
{[%clk 0:16:40]} Rxh4 {[%clk 0:22:01]} 48. Rxh4 {[%clk 0:17:04]} Nxg5
{[%clk 0:21:06]} 49. Bxg5 {[%clk 0:14:47]} Rxg5 {[%clk 0:21:28]} 50. Rxe4
{[%clk 0:15:12]} Rf5 {[%clk 0:21:14]} 51. f4 {[%clk 0:14:52]} Kd7 52. Kd2
{[%clk 0:15:09]} Kd6 {[%clk 0:21:14]} 53. Ke2 {[%clk 0:15:28]} Kd5
{[%clk 0:21:12]} 54. Kf3 {[%clk 0:15:49]} Rf7 {[%clk 0:18:59]} 55. Re5+
{[%clk 0:15:23]} Kd6 {[%clk 0:19:21]} 56. Re2 {[%clk 0:14:04]} Rf8
{[%clk 0:18:55]} 57. Rg2 {[%clk 0:13:01]} Rf7 {[%clk 0:18:30]} 58. Rg6+
{[%clk 0:06:07]} Kd5 {[%clk 0:14:35]} 59. Rg5+ {[%clk 0:06:10]} Kd6 60. Re5
{[%clk 0:06:36]} Rg7 {[%clk 0:14:41]} 61. Re2 {[%clk 0:06:52]} Rf7
{[%clk 0:14:24]} 62. Kg4 {[%clk 0:06:25]} Kd5 {[%clk 0:14:02]} 63. Kg5
{[%clk 0:06:08]} Rf8 {[%clk 0:09:25]} 64. Kg4 {[%clk 0:01:03]} Rg8+
{[%clk 0:09:05]} 65. Kf3 {[%clk 0:01:26]} Rg7 {[%clk 0:07:23]} 66. Re8
{[%clk 0:01:07]} Rd7 {[%clk 0:05:23]} 67. Re5+ {[%clk 0:01:07]} Kd6
{[%clk 0:05:47]} 68. Ke4 {[%clk 0:01:24]} Rg7 {[%clk 0:05:14]} 69. Rd5+
{[%clk 0:00:35]} Kc6 {[%clk 0:05:24]} 70. Rg5 {[%clk 0:00:47]} Re7+
{[%clk 0:05:06]} 71. Re5 {[%clk 0:01:06]} Rh7 {[%clk 0:04:52]} 72. Re6+
{[%clk 0:01:22]} Kd7 73. Ra6 {[%clk 0:01:38]} Rh2 {[%clk 0:04:47]} 74. Rxa7+
{[%clk 0:01:41]} Kc6 {[%clk 0:05:07]} 75. Ra6+ {[%clk 0:00:55]} Kb7
{[%clk 0:05:20]} 76. Rd6 {[%clk 0:01:12]} Rxc2 {[%clk 0:05:35]} 77. f5
{[%clk 0:01:30]} Re2+ {[%clk 0:05:49]} 78. Kd5 {[%clk 0:01:19]} Rb2
{[%clk 0:05:42]} 79. Kc4 {[%clk 0:00:47]} Rc2+ {[%clk 0:06:05]} 80. Kb5
{[%clk 0:01:11]} Rc3 {[%clk 0:06:24]} 81. f6 {[%clk 0:00:55]} Rxb3
{[%clk 0:06:47]} 82. Kxc5 {[%clk 0:01:17]} Kc7 {[%clk 0:06:33]} 83. Re6
{[%clk 0:00:57]} Rf3 {[%clk 0:06:32]} 84. Kxb4 {[%clk 0:01:09]} d3
{[%clk 0:06:28]} 85. Kc3 {[%clk 0:01:26]} Kd7 {[%clk 0:05:46]} 86. Ra6
{[%clk 0:01:49]} Kc7 87. a5 {[%clk 0:01:57]} Rf5 {[%clk 0:05:18]} 88. Kxd3
{[%clk 0:02:13]} Kb7 89. Re6 {[%clk 0:02:31]} Rxa5 {[%clk 0:05:30]} 90. Ke4
{[%clk 0:02:44]} Ra1 {[%clk 0:03:10]} 91. Kf5 {[%clk 0:03:03]} Kc7 92. f7
{[%clk 0:03:10]} Kd7 {[%clk 0:02:55]} 93. Rf6 {[%clk 0:03:14]} Rf1+
{[%clk 0:02:53]} 94. Ke5 {[%clk 0:03:38]} Re1+ {[%clk 0:03:05]} 95. Kd4
{[%clk 0:04:01]} Rd1+ {[%clk 0:02:49]} 96. Ke3 {[%clk 0:04:24]} Re1+
{[%clk 0:03:11]} 97. Kd2 {[%clk 0:04:51]} Re7 {[%clk 0:03:09]} 98. f8=Q
{[%clk 0:04:57]} Re8 {[%clk 0:03:32]} 99. Rf7+ {[%clk 0:05:18]} 1-0

[Event "marquesdepombal"]
[Site "?"]
[Date "2024.10.04"]
[Round "2.7"]
[White "Godinho Marques, Pedro"]
[Black "Gori, Andrea"]
[Result "0-1"]
[LiveChessVersion "1.4.8"]
[BlackElo "1978"]
[WhiteElo "1835"]

1. Nf3 f5 2. d3 Nf6 3. e4 fxe4 4. Ng5 d5 5. dxe4 h6 6. Nf3 dxe4 7. Qxd8+ Kxd8 8.
Ne5 Be6 9. Ng6 Rg8 10. Nc3 Nbd7 11. Be3 Bf7 12. Nf4 c6 13. O-O-O Kc7 14. g3 e5
15. Nfe2 Bc5 16. Bxc5 Nxc5 17. h3 a5 18. Bg2 b5 19. b3 g5 20. g4 b4 21. Nb1 h5
22. Ng3 hxg4 23. hxg4 Bd5 24. Nf5 Rh8 25. Ne7 Be6 26. Ng6 Rxh1 27. Rxh1 Nxg4 28.
Nd2 Bd5 29. Rh7+ Kd6 30. Ne7 Nxf2 31. Nc4+ Bxc4 32. bxc4 Rf8 33. Ng6 Rf6 34. Nh8
Ke6 35. Rg7 Kf5 36. Nf7 Ne6 37. Nd6+ Kf4 38. Ra7 Nd4 39. c5 Nf3 40. Rxa5 e3 41.
Bf1 Nd4 42. Ra4 e2 43. Bxe2 Nxe2+ 44. Kd2 Nd4 45. Rxb4 Kf3 46. c3 Ne4+ 47. Nxe4
Kxe4 48. a4 g4 49. cxd4 exd4 50. a5 g3 51. Rb8 Rf2+ 52. Ke1 Ra2 53. Rg8 Kf3 54.
Rf8+ Ke3 55. Re8+ Kd3 56. Kf1 Rxa5 57. Rg8 Rxc5 58. Rxg3+ Kd2 59. Rg2+ Kd1 0-1

[Event "marquesdepombal"]
[Site "?"]
[Date "2024.10.04"]
[Round "2.8"]
[White "Goncalves, Lucas Jordao"]
[Black "Almeida, Marta Dias"]
[Result "1-0"]
[LiveChessVersion "1.4.8"]
[BlackElo "1807"]
[WhiteElo "1971"]

1. e4 c6 2. d4 d5 3. Nc3 dxe4 4. Nxe4 Nd7 5. Nf3 Ngf6 6. Ng3 e6 7. Bd3 Bd6 8. Ne2
Qc7 9. c3 b6 10. Nd2 Bb7 11. Ne4 Nxe4 12. Bxe4 Nf6 13. Bf3 O-O-O 14. Be3 e5 15.
dxe5 Bxe5 16. Qa4 Kb8 17. g3 Rhe8 18. O-O c5 19. Bxb7 Qxb7 20. Rad1 Nd5 21. Bf4
Nxf4 22. Nxf4 Bxf4 23. Qxf4+ Qc7 24. Qh4 h6 25. Rfe1 Rxd1 26. Rxd1 Qe7 27. Qf4+
Qc7 28. Rd7 Qxf4 29. gxf4 Rf8 30. f5 a5 31. Kg2 Kc8 32. Ra7 Kb8 33. Re7 c4 34.
Kf3 g6 35. f6 g5 36. Kg4 h5+ 37. Kxg5 Rg8+ 38. Kf4 Rg2 39. Kf3 Rxh2 40. Rxf7 Rh3+
41. Ke4 Rh1 42. Rf8+ Kc7 43. f7 Re1+ 44. Kf5 1-0

[Event "marquesdepombal"]
[Site "?"]
[Date "2024.10.04"]
[Round "2.9"]
[White "Vidigal, Bernardo Alexandre"]
[Black "Goncalves, Diogo Figueiredo"]
[Result "0-1"]
[LiveChessVersion "1.4.8"]
[BlackElo "1968"]
[WhiteElo "1498"]

1. e4 {[%clk 1:30:57]} c5 {[%clk 1:24:03]} 2. Nc3 {[%clk 1:31:23]} d6
{[%clk 1:24:28]} 3. f4 {[%clk 1:31:48]} g6 {[%clk 1:24:52]} 4. Nf3
{[%clk 1:32:14]} Bg7 {[%clk 1:25:14]} 5. Bb5+ {[%clk 1:32:22]} Bd7
{[%clk 1:25:27]} 6. Bc4 {[%clk 1:32:12]} Nc6 {[%clk 1:25:36]} 7. O-O
{[%clk 1:32:03]} e6 {[%clk 1:25:54]} 8. d3 {[%clk 1:31:23]} Nge7 {[%clk 1:26:15]}
9. Qe1 {[%clk 1:31:15]} O-O {[%clk 1:25:14]} 10. f5 {[%clk 1:30:47]} gxf5
{[%clk 1:22:50]} 11. Qg3 {[%clk 1:20:45]} fxe4 {[%clk 1:20:24]} 12. dxe4
{[%clk 1:19:39]} Nd4 {[%clk 0:53:20]} 13. h4 {[%clk 0:47:21]} Kh8
{[%clk 0:47:36]} 14. h5 {[%clk 0:33:50]} b5 {[%clk 0:31:10]} 15. h6
{[%clk 0:16:18]} Nxf3+ {[%clk 0:31:20]} 16. Rxf3 {[%clk 0:14:52]} Bd4+
{[%clk 0:31:39]} 17. Be3 {[%clk 0:13:51]} Be5 {[%clk 0:29:55]} 18. Bf4
{[%clk 0:12:59]} Bd4+ {[%clk 0:28:27]} 19. Be3 {[%clk 0:12:23]} Bxe3+
{[%clk 0:18:07]} 20. Rxe3 {[%clk 0:12:44]} Rg8 {[%clk 0:16:39]} 21. Qf4
{[%clk 0:12:43]} Ng6 {[%clk 0:15:21]} 22. Qxf7 {[%clk 0:09:05]} Ne5
{[%clk 0:14:48]} 23. Qf4 {[%clk 0:06:36]} Nxc4 {[%clk 0:14:59]} 24. Rd3
{[%clk 0:06:39]} Qg5 {[%clk 0:14:41]} 25. Qf2 {[%clk 0:06:13]} Raf8 0-1

[Event "marquesdepombal"]
[Site "?"]
[Date "2024.10.04"]
[Round "2.10"]
[White "Assuncao, Francisco Daniel Costa"]
[Black "Almeida, Tomas Chaves E Castro Matos"]
[Result "1-0"]
[LiveChessVersion "1.4.8"]
[BlackElo "1491"]
[WhiteElo "1967"]

1. Nf3 {[%clk 1:22:14]} Nf6 {[%clk 1:30:43]} 2. c4 {[%clk 1:21:23]} e6
{[%clk 1:31:01]} 3. g3 {[%clk 1:21:22]} d5 {[%clk 1:31:18]} 4. Bg2
{[%clk 1:21:30]} c5 {[%clk 1:31:09]} 5. cxd5 {[%clk 1:20:24]} exd5
{[%clk 1:29:58]} 6. d4 {[%clk 1:19:32]} Nc6 {[%clk 1:28:58]} 7. O-O
{[%clk 1:19:33]} Bf5 {[%clk 1:28:30]} 8. Nc3 {[%clk 1:18:27]} Be7
{[%clk 1:27:01]} 9. Bf4 {[%clk 1:13:45]} a6 {[%clk 1:26:05]} 10. Rc1
{[%clk 1:13:18]} O-O {[%clk 1:22:48]} 11. dxc5 {[%clk 1:11:26]} Bxc5
{[%clk 1:19:49]} 12. Ne5 {[%clk 1:10:56]} Nxe5 13. Bxe5 {[%clk 1:11:19]} d4
{[%clk 1:17:33]} 14. Na4 {[%clk 1:09:52]} Ba7 {[%clk 1:17:34]} 15. Bxb7
{[%clk 1:07:45]} Rb8 {[%clk 1:16:05]} 16. Bxb8 {[%clk 1:06:45]} Bxb8
{[%clk 1:16:13]} 17. Nc5 {[%clk 1:04:05]} Qb6 {[%clk 1:16:14]} 18. Qb3
{[%clk 1:02:40]} Qd6 {[%clk 1:15:43]} 19. Nxa6 {[%clk 0:59:02]} Ng4
{[%clk 1:12:59]} 20. Rc6 {[%clk 0:55:37]} Qe5 {[%clk 1:09:27]} 21. Rc5
{[%clk 0:54:07]} Qf6 {[%clk 1:09:42]} 22. Nxb8 {[%clk 0:50:31]} Rxb8
{[%clk 1:08:59]} 23. Qf3 {[%clk 0:50:22]} Qh6 {[%clk 1:09:09]} 24. h4
{[%clk 0:49:40]} Be6 {[%clk 1:09:14]} 25. Rfc1 {[%clk 0:47:03]} g6
{[%clk 1:08:57]} 26. Bc8 {[%clk 0:43:47]} Bxc8 {[%clk 1:07:24]} 27. Rxc8+
{[%clk 0:44:08]} Rxc8 {[%clk 1:07:52]} 28. Rxc8+ {[%clk 0:44:30]} Kg7
{[%clk 1:08:04]} 29. Qxg4 {[%clk 0:44:48]} Qd2 {[%clk 1:08:12]} 30. Rd8
{[%clk 0:44:09]} Qxb2 {[%clk 1:08:33]} 31. Qxd4+ {[%clk 0:44:31]} Qxd4
{[%clk 1:08:59]} 32. Rxd4 {[%clk 0:44:53]} Kf6 {[%clk 1:09:03]} 33. a4
{[%clk 0:45:15]} 1-0